<?xml version="1.0" encoding="UTF-8"?>
<record
    xmlns:xsi="http://www.w3.org/2001/XMLSchema-instance"
    xsi:schemaLocation="http://www.loc.gov/MARC21/slim http://www.loc.gov/standards/marcxml/schema/MARC21slim.xsd"
    xmlns="http://www.loc.gov/MARC21/slim">

  <leader>02803nab a2200313 i 4500</leader>
  <controlfield tag="003">BR-BrBNA</controlfield>
  <controlfield tag="005">20240209133358.0</controlfield>
  <controlfield tag="008">240209b2023    bl.ar|pooa||| 00| 0 eng |</controlfield>
  <datafield tag="040" ind1=" " ind2=" ">
    <subfield code="a">BR-BrBNA</subfield>
    <subfield code="b">eng</subfield>
  </datafield>
  <datafield tag="072" ind1=" " ind2=" ">
    <subfield code="a">L53</subfield>
    <subfield code="b">8140</subfield>
  </datafield>
  <datafield tag="100" ind1=" " ind2=" ">
    <subfield code="a">Salmito-Vanderley, Carminda Sandra Brito </subfield>
  </datafield>
  <datafield tag="100" ind1=" " ind2=" ">
    <subfield code="a">Ferreira, Pedro Emidio Leite Moraes</subfield>
  </datafield>
  <datafield tag="100" ind1=" " ind2=" ">
    <subfield code="a">Souza, Mirley Barbosa de</subfield>
  </datafield>
  <datafield tag="100" ind1=" " ind2=" ">
    <subfield code="a">Madeira, Guilherme Melo</subfield>
  </datafield>
  <datafield tag="100" ind1=" " ind2=" ">
    <subfield code="a">Brito, Bruna Faria</subfield>
  </datafield>
  <datafield tag="100" ind1=" " ind2=" ">
    <subfield code="a">Magalh&#xE3;es, L&#xED;via Correia</subfield>
  </datafield>
  <datafield tag="100" ind1=" " ind2=" ">
    <subfield code="a">Melo, Carlos Henrique Sousa de</subfield>
  </datafield>
  <datafield tag="100" ind1=" " ind2=" ">
    <subfield code="a">Montenegro, Assis Rubens</subfield>
  </datafield>
  <datafield tag="245" ind1=" " ind2=" ">
    <subfield code="a">Use of B-mode ultrasonography for sex determination and maturation monitoring in Prochilodus brevis (Steindachner 1875)</subfield>
  </datafield>
  <datafield tag="500" ind1=" " ind2=" ">
    <subfield code="a">Publica&#xE7;&#xE3;o on-line; 22 ref.; 6 illus.; Summary (En)
</subfield>
  </datafield>
  <datafield tag="520" ind1=" " ind2=" ">
    <subfield code="a">
ABSTRACT - The Brazilian bocachico is a rheophilic fi sh from the northeast region of Brazil that holds great economic and scientific interest. The absence of evident sexual dimorphism and the invasive character of sexing methods and evaluation of gonadal maturation are obstacles to its artifi cial reproduction. In this scenario, ultrasonography emerges as a non-invasive method for sexing. The objectives of this study were to establish an ultrasound sexing method for Brazilian bocachico and select equations to estimate the gonadosomatic index (GSI), gonad weight (GW), and gonad volume (GV) of live bocachico. A total of 32 bocachico fi sh (18 females and 14 males) were analyzed ultrasonographically and morphologically. The association of morphometric and ultrasonographic parameters was investigated using Pearson Correlations. The following prediction equations were selected using multiple regression analysis: GSI = 16.22 &#xD7; transvarea; GW = 30.3 &#xD7; transvarea; and GV = 0.001260036 &#xD7; pixels. A model capable of predicting the sex of the animals based on the ultrasonographic parameters was obtained using partial least-squares discriminant analysis with principal component analysis. The significance level adopted was P &lt; 0.05. In conclusion, ultrasonography is a useful tool to perform sexing and evaluate the gonads during the breeding season, contributing to artificial reproduction in captivity. 


Key words: Fisheries. Brazilian Bocachico. Native fi sh. Gonadosomatic Index. Ultrasound.</subfield>
  </datafield>
  <datafield tag="650" ind1=" " ind2=" ">
    <subfield code="a">PEIXE DE &#xC1;GUA DOCE</subfield>
  </datafield>
  <datafield tag="650" ind1=" " ind2=" ">
    <subfield code="a">REPRODU&#xC7;&#xC3;O ANIMAL</subfield>
  </datafield>
  <datafield tag="650" ind1=" " ind2=" ">
    <subfield code="a">ULTRASSOM</subfield>
  </datafield>
  <datafield tag="773" ind1="0" ind2=" ">
    <subfield code="0">4290</subfield>
    <subfield code="9">275636</subfield>
    <subfield code="d">Fortaleza-CE Universidade Federal do Cear&#xE1;. Centro de Ci&#xEA;ncias Agr&#xE1;rias 2002</subfield>
    <subfield code="o">2023-437436</subfield>
    <subfield code="t">Revista Ci&#xEA;ncia Agron&#xF4;mica (Brazil)</subfield>
    <subfield code="x">0045-6888; 1806-6690 (on-line)</subfield>
    <subfield code="g">v. 54 p. 1-8; (2023)</subfield>
    <subfield code="w">BR2023002374</subfield>
  </datafield>
  <datafield tag="856" ind1=" " ind2=" ">
    <subfield code="u">https://www.scielo.br/j/rca/a/59sfzr7vQfprppn4KVjqBwQ/?format=pdf&amp;lang=en</subfield>
  </datafield>
  <datafield tag="942" ind1=" " ind2=" ">
    <subfield code="c">Anal&#xED;tica</subfield>
  </datafield>
  <datafield tag="999" ind1=" " ind2=" ">
    <subfield code="c">298487</subfield>
    <subfield code="d">298487</subfield>
  </datafield>
</record>
